[Event "Michigan Open Reserve"]
[Site "Lansing, MI"]
[Date "2002.08.31"]
[Round "1.24"]
[White "Hershberger, Kent"]
[Black "Avery, Bill"]
[Result "1-0"]
[WhiteElo "1474"]
[BlackElo "1658"]
[PlyCount "86"]
[EventDate "2002.08.30"]

1. e4 e6 2. d4 d5 3. Nd2 dxe4 4. Nxe4 Nd7 5. Nf3 Ngf6 6. Ng3 Be7 7. Bd3 b6 8.
O-O Bb7 9. Qe2 O-O 10. c3 c5 11. Be3 Nd5 12. Qc2 N7f6 13. Rad1 Nxe3 14. fxe3
Qc7 15. Ne4 h6 16. Nxf6+ Bxf6 17. Nd2 Bg5 18. Rde1 Rad8 19. Ne4 Bxe4 20. Bxe4
cxd4 21. exd4 b5 22. a3 a5 23. Rf3 b4 24. axb4 axb4 25. Rd1 Qb6 26. Kh1 Rc8 27.
Rdf1 Rc7 28. Bh7+ Kh8 29. Bg6 Bf6 30. Be4 bxc3 31. Rxc3 Rxc3 32. bxc3 Rc8 33.
Rb1 Qd8 34. Qd3 g6 35. Rb7 Bxd4 36. Rxf7 Rxc3 37. Qf1 Bg7 38. g3 Ra3 39. Qf2
Qd1+ 40. Kg2 Qh5 41. Rf8+ Kh7 42. Rf7 Kg8 43. Rc7 Qe5 $4 1-0

[Event "Michigan Open Reserve"]
[Site "Lansing, MI"]
[Date "2002.08.31"]
[Round "3.23"]
[White "Hazzard, Bill"]
[Black "LaFerriere, Adam"]
[Result "1-0"]
[WhiteElo "1573"]
[BlackElo "1354"]
[PlyCount "61"]
[EventDate "2002.08.30"]

1. e4 Nf6 2. e5 Nd5 3. c4 Nb6 4. d4 d6 5. f4 g6 6. Nf3 Bg4 7. Be2 Bg7 8. O-O
O-O 9. Nbd2 Nc6 10. Ng5 Bxe2 11. Qxe2 dxe5 12. dxe5 Nd4 13. Qe4 Nc6 14. Ndf3 e6
15. Be3 Qe7 16. a3 Na4 17. Qc2 Nc5 18. b4 Nd7 19. Rad1 Nb6 20. Bc5 Qe8 21. Bxf8
Qxf8 22. Ne4 Ne7 23. g4 Bh6 24. Nf6+ Kh8 25. Ng5 Bxg5 26. fxg5 Rd8 27. Rxd8
Qxd8 28. Rd1 Qb8 29. Qd3 Nc6 30. Qh3 Kg7 31. Qh6+ 1-0

[Event "Michigan Open Reserve"]
[Site "Lansing, MI"]
[Date "2002.08.31"]
[Round "1.29"]
[White "Hazzard, Bill"]
[Black "Hill, Michael"]
[Result "1/2-1/2"]
[WhiteElo "1573"]
[BlackElo "1386"]
[PlyCount "91"]
[EventDate "2002.08.30"]

1. d4 Nf6 2. c4 g6 3. Nc3 d5 4. cxd5 Nxd5 5. e4 Nxc3 6. bxc3 Bg7 7. Nf3 O-O 8.
Be2 c5 9. O-O cxd4 10. cxd4 Nc6 11. Bb2 Bg4 12. e5 Qb6 13. Rb1 Rad8 14. Re1
Bxf3 15. Bxf3 Nxd4 16. Bxd4 Qxd4 17. Qxd4 Rxd4 18. Rxb7 Rfd8 19. Rxa7 Bxe5 20.
Rxe7 Bf6 21. Re8+ Rxe8 22. Rxe8+ Kg7 23. g3 Rd2 24. a4 Bd4 25. Re2 Rxe2 26.
Bxe2 g5 27. a5 Ba7 28. g4 Kf6 29. Kg2 Ke5 30. Bd3 h6 31. f3 Kd4 32. Be4 Kc3 33.
a6 Kd4 34. h4 f6 35. hxg5 hxg5 36. Kf1 Ke3 37. Ke1 Bb6 38. Kd1 Kd4 39. Kd2 Ba7
40. Kc2 Kc4 41. Bd3+ Kc5 42. Kc3 Kb6 43. Kb4 Bb8 44. Bb5 Ka7 45. Kc5 Be5 46.
Bd3 1/2-1/2

[Event "Michigan Open Reserve"]
[Site "Lansing, MI"]
[Date "2002.08.31"]
[Round "2.27"]
[White "Harris, Harold"]
[Black "Hazzard, Bill"]
[Result "1-0"]
[WhiteElo "1434"]
[BlackElo "1573"]
[Annotator "Tim McGrew"]
[PlyCount "57"]
[EventDate "2002.08.30"]

{Sicilian: Scheveningen (Sozin)} 1. e4 c5 2. Nf3 d6 3. d4 cxd4 4. Nxd4 Nf6 5.
Nc3 a6 {The Najdorf is a wonderful line of the Sicilian full of intricate
nuances. So full, in fact, that it is very difficult for an amateur to master
them all. Within the next two moves, both players will prove that they are
unfamiliar with its intricacies.} 6. Bc4 e6 7. O-O $6 ({White almost always
plays} 7. Bb3 {here to avoid the line in the next note.}) 7... Be7 $6 {Too
routine. DIAGRAM} (7... b5 $1 {confronts White with an awkward choice:} 8. Bb3
(8. Bd3 Bb7 ({Fritz likes} 8... b4 9. Nce2 e5 10. Nf3 Bg4 {, which I can only
assess as "strange."}) 9. a3 Be7 {and Black's queen-side play has unfolded
very nicely, courtesy of the extra tempo gained by kicking the bishop from c4.}
) 8... b4 9. Na4 Nxe4 {and White does not seem to have nearly enough for the
pawn.}) 8. h3 Bd7 9. Be3 Nc6 10. f4 O-O 11. Nf3 Rc8 12. a3 h6 13. Bd3 Re8 14.
Qd2 Bf8 15. e5 dxe5 16. fxe5 Nd5 17. Ne4 Nxe3 18. Qxe3 Qc7 19. Qf4 Qb6+ 20. Kh1
Re7 21. Nd6 (21. Nf6+ $1 {forces grave weaknesses in the Black king's castle,
e.g.} Kh8 (21... gxf6 22. exf6 {wins at least the exchange because} Ree8 {gets
mated:} 23. Qe4 Bd6 24. Qh7+ Kf8 25. Qg7#) 22. Qe4 g6 23. b4 {and White can
expand on the queen-side and then switch and hammer the king, perhaps with a
sacrifice on g6.}) 21... Rc7 22. Qe4 {A nice illustration of a classic
attacking technique: White softens up the pawns.} g6 23. Nh4 Bg7 ({It was high
time to swap off queens with} 23... Qd4 24. Qxd4 Nxd4 {, though White can
still win some material with} 25. Bxg6 $1 fxg6 $2 26. Rxf8+ $1 Kxf8 27. Nxg6+ {
and the Black king cannot keep contact with the rook.}) 24. Nxg6 $1 Nxe5 (24...
fxg6 25. Qxg6 {and Black is helpless against the coming mate at h7 because
White controls the f-file.}) 25. Nxe7+ Kf8 26. Ng6+ {This is fine, but White
has just missed a chance for a brilliancy.} (26. Qxe5 $3 Bxe5 27. Rxf7#) 26...
Kg8 27. Nxe5 Bxe5 28. Qh7+ Kf8 29. Rxf7# 1-0

[Event "Michigan Open Reserve"]
[Site "Lansing, MI"]
[Date "2002.08.31"]
[Round "3.8"]
[White "Harris, Harold"]
[Black "Gregory, Kevin"]
[Result "1/2-1/2"]
[WhiteElo "1434"]
[BlackElo "1770"]
[PlyCount "78"]
[EventDate "2002.08.30"]

1. e4 c5 2. Nf3 d6 3. d4 cxd4 4. Nxd4 Nf6 5. Nc3 g6 6. Bc4 Bg7 7. f3 O-O 8. Be3
Bd7 9. Qd2 Nc6 10. Nxc6 Bxc6 11. Bh6 Qa5 12. Bxg7 Kxg7 13. Nd5 Qxd2+ 14. Kxd2
Bxd5 15. Bxd5 Nxd5 16. exd5 Rac8 17. Rhe1 Rfe8 18. Kd3 Rc5 19. c4 b5 20. b3 Kf6
21. a4 bxc4+ 22. bxc4 Rec8 23. Rec1 h5 24. Rab1 Ra5 25. Rb4 Rxd5+ 26. cxd5 Rxc1
27. Rf4+ Kg7 28. Re4 Rc7 29. Rc4 Rb7 30. Kc3 f5 31. a5 Rb5 32. a6 Rxd5 33. Rc7
Kf6 34. Rxa7 Ra5 35. Ra8 Ke5 36. Kb4 Ra1 37. a7 d5 38. Kb5 Kd4 39. Kb6 Rb1+
1/2-1/2

[Event "Michigan Open"]
[Site "Lansing, MI"]
[Date "2002.08.31"]
[Round "2.23"]
[White "Hankinson, Chris"]
[Black "Davidovich, Manis"]
[Result "0-1"]
[WhiteElo "2115"]
[BlackElo "2007"]
[PlyCount "54"]
[EventDate "2002.08.30"]

1. g3 Nf6 2. f4 d5 3. Nf3 Bg4 4. Bg2 c5 5. b3 Qc8 6. h3 Bxf3 7. Bxf3 Nbd7 8.
Bb2 Ne4 9. g4 Qc7 10. e3 e5 11. Bxe4 dxe4 12. f5 Be7 13. Qe2 Bh4+ 14. Kd1 O-O-O
15. Qc4 Nf6 16. Qxc5 Rd5 17. Qxa7 Ra5 18. Qxa5 Qxa5 19. Na3 b5 20. c4 Qd8 21.
Rh2 Bg5 22. Nc2 bxc4 23. b4 Qd3 24. Kc1 Nd5 25. Bxe5 Nxb4 26. Nxb4 Qa3+ 27. Kc2
Qxb4 0-1

[Event "Michigan Open"]
[Site "Lansing, MI"]
[Date "2002.08.31"]
[Round "3.3"]
[White "Hahn, David"]
[Black "Perkins, Michael"]
[Result "1-0"]
[WhiteElo "2145"]
[BlackElo "1584"]
[PlyCount "58"]
[EventDate "2002.08.30"]

1. c4 Nf6 2. Nc3 g6 3. e4 d6 4. d4 Bg7 5. f3 O-O 6. Bg5 Na6 7. Qd2 e5 8. d5 h6
9. Be3 Kh7 10. g4 Nd7 11. h4 f5 12. h5 f4 13. hxg6+ Kxg6 14. Bf2 Bf6 15. Bd3
Ndc5 16. Nge2 Bg5 17. Nc1 Rh8 18. a3 h5 19. gxh5+ Rxh5 20. Rxh5 Kxh5 21. b4 Nd7
22. Nb3 Qh8 23. O-O-O Kg6 24. c5 Nf6 25. Kb1 Bd7 26. c6 Nxe4 27. fxe4 bxc6 28.
dxc6 Bxc6 29. Nd5 Qh3 1-0

[Event "Michigan Open"]
[Site "Lansing, MI"]
[Date "2002.08.31"]
[Round "1.23"]
[White "Hahn, David"]
[Black "Aldrich, Jeff"]
[Result "1-0"]
[WhiteElo "2145"]
[BlackElo "1907"]
[Annotator "Jeff Aldrich"]
[PlyCount "83"]
[EventDate "2002.08.30"]

{English: Anglo-Indian (Queen's Knight)} 1. c4 Nf6 2. Nc3 c6 3. e4 d5 4. exd5
cxd5 5. cxd5 Nxd5 6. Nf3 Nc6 7. Bb5 Nxc3 ({Playable, but probably, not the
best way to go. The text gives White a strong center.} 7... e6 {is better from
a developmental standpoint.}) 8. bxc3 Bd7 9. d4 e6 10. O-O Be7 11. Re1 O-O 12.
Bd3 Re8 ({A better idea is} 12... Bf6 13. -- {and} g6) 13. Qc2 h6 14. Rb1 Qc7
15. Qe2 Rad8 16. Bd2 Bc8 17. Qe4 f5 18. Qe2 Bf6 19. Bc4 Kh8 20. Bb5 a6 21. Bxc6
{An interesting note on this bishop is that it made the around the horn trip
b5-d3-c4-b5 before exchanging.} Qxc6 22. Ne5 Bxe5 23. Qxe5 {With this
liquidation, my game is starting to free up bit.} Rd5 24. Qe2 b5 25. Qf3 Bb7 ({
Black really wants to play} 25... e5 {I didn't think it was available during
the game. The more I look at it the more I think that I was right and it comes
up short.}) 26. Bf4 {This is what I didn't want.} Rdd8 27. Qg3 Rc8 28. Be5 Qd7
29. Re3 Kh7 30. h4 Qf7 31. h5 $6 ({Looks good on the surface, but what does it
really do? I am not going to let him in through the g6-square. Adding some
pressure to the e-file with} 31. Rbe1 {is an idea.}) 31... Rg8 32. Qh4 {Time
pressure is now a factor for both of us.} g5 33. hxg6+ Rxg6 34. f3 Rcg8 35. Rb2
Rg5 36. Qf4 Qg6 {I am actually getting some counter-play. I just might have
something here.} 37. Ree2 Bd5 38. Red2 Qh5 $2 {NO! Trying to do to much. The
queen cannot abandon the f6 square. Now, I must give up the exchange, but a
couple of hastily played moves gives up more.} 39. Bf6 Rg3 $2 40. Qc7+ Kg6 41.
Qxg3+ Kxf6 $2 42. Qxg8 1-0

[Event "Michigan Open Reserve"]
[Site "Lansing, MI"]
[Date "2002.08.31"]
[Round "3.24"]
[White "Guilfoyle, Jeff"]
[Black "Griffin, John"]
[Result "0-1"]
[WhiteElo "1353"]
[BlackElo "1500"]
[PlyCount "94"]
[EventDate "2002.08.30"]

1. d4 d5 2. c4 Nc6 3. Nc3 dxc4 4. e3 e6 5. Bxc4 Bb4 6. a3 Bxc3+ 7. bxc3 Nf6 8.
Ne2 a6 9. O-O Ne7 10. Ng3 O-O 11. e4 b5 12. Bd3 Bb7 13. Bg5 Ne8 14. e5 f6 15.
exf6 Nxf6 16. Qc2 h6 17. Bd2 Qd5 18. f3 Qd6 19. Ne4 Nxe4 20. Bxe4 Bxe4 21. Qxe4
Qd5 22. Qg4 Qf5 23. Qe4 Qxe4 24. fxe4 Rac8 25. Rac1 c5 26. Be3 cxd4 27. Rxf8+
Kxf8 28. cxd4 Ke8 29. Rxc8+ Nxc8 30. Kf2 Ne7 31. h4 Nc6 32. d5 exd5 33. exd5
Ne7 34. Bd4 g6 35. g4 Nxd5 36. h5 Kf7 37. Kf3 gxh5 38. gxh5 Nf6 39. Bxf6 Kxf6
40. Kf4 a5 41. Ke4 b4 42. axb4 axb4 43. Kd3 Kg5 44. Kc4 Kxh5 45. Kxb4 Kg4 46.
Kc3 Kg3 47. Kd2 Kf2 0-1

[Event "Michigan Open Reserve"]
[Site "Lansing, MI"]
[Date "2002.08.31"]
[Round "1.32"]
[White "Guilfoyle, Jeff"]
[Black "Choate, Eric"]
[Result "0-1"]
[WhiteElo "1353"]
[BlackElo "1521"]
[PlyCount "77"]
[EventDate "2002.08.30"]

1. d4 d5 2. c4 e6 3. Nc3 Nf6 4. Nf3 Nbd7 5. Bg5 Be7 6. e3 O-O 7. cxd5 Nxd5 8.
Bxe7 Qxe7 9. Bd3 N7f6 10. O-O Bd7 11. a3 h6 12. Qd2 Rac8 13. e4 Nxc3 14. bxc3
c5 15. Qb2 Bc6 16. Rfe1 Rfd8 17. Ne5 Qd6 18. Nxc6 Qxc6 19. Rad1 b6 20. Bb5 Qb7
21. Qe2 Qc7 22. Rd2 cxd4 23. cxd4 Qc3 24. Rd3 Qa5 25. Rdd1 Nxe4 26. Qxe4 Qxb5
27. h3 Rc3 28. Re3 Qb3 29. Rdd3 Rxd3 30. Rxd3 Qc2 31. Qf3 Rc8 32. Kh2 Qc7+ 33.
g3 Qc6 34. Qf4 Qd7 35. Qf3 Qd5 36. Qf4 f6 37. Qg4 Rc6 38. Qf3 Qxf3 39. Rxf3 0-1

[Event "Michigan Open Reserve"]
[Site "Lansing, MI"]
[Date "2002.08.31"]
[Round "3.21"]
[White "Grzegorczyk, Ron"]
[Black "Hill, Michael"]
[Result "1-0"]
[WhiteElo "1578"]
[BlackElo "1386"]
[PlyCount "83"]
[EventDate "2002.08.30"]

1. e4 e6 2. d4 d5 3. e5 c5 4. c3 Nc6 5. Nf3 Qc7 6. Be2 Nge7 7. O-O cxd4 8. cxd4
Qb6 9. Nc3 Nf5 10. Na4 Qc7 11. b3 Bd7 12. Bb2 a6 13. Rc1 Qd8 14. Nc5 Na7 15.
Nxb7 Qb6 16. Nc5 Bb5 17. b4 Bxe2 18. Qxe2 Nb5 19. a3 Ra7 20. Rc2 Be7 21. Rfc1
O-O 22. a4 Bxc5 23. dxc5 Qc6 24. axb5 axb5 25. Nd4 Nxd4 26. Bxd4 Rfa8 27. g3
Ra4 28. Rb1 Rc8 29. f4 Rca8 30. g4 R8a6 31. h4 Qa8 32. Qxb5 Ra3 33. Kg2 Ra2 34.
Qe2 Rxc2 35. Qxc2 Ra2 36. Rb2 Ra1 37. c6 Qa6 38. b5 Qc8 39. b6 Qa6 40. Qe2 Qa4
41. b7 h6 42. b8=Q+ 1-0

[Event "Michigan Open Reserve"]
[Site "Lansing, MI"]
[Date "2002.08.31"]
[Round "2.9"]
[White "Gregory, Kevin"]
[Black "Monge, Jeff"]
[Result "1-0"]
[WhiteElo "1770"]
[BlackElo "1575"]
[PlyCount "119"]
[EventDate "2002.08.30"]

1. d4 Nf6 2. Nf3 b6 3. Bf4 e6 4. e3 Bb7 5. Nbd2 c5 6. c3 cxd4 7. exd4 Ne4 8.
Nxe4 Bxe4 9. Ng5 Bd5 10. Qh5 g6 11. Qg4 f6 12. Nf3 Qe7 13. h4 Nc6 14. Bd3 e5
15. dxe5 Nxe5 16. Nxe5 d6 17. Bb5+ Kd8 18. Qd7+ Qxd7 19. Nxd7 Be7 20. O-O Be6
21. Nxf6 Bxf6 22. Bxd6 Bxh4 23. Rfd1 Bf6 24. Re1 Bd7 25. Ba6 Bc8 26. Bxc8 Kxc8
27. Re6 Bd8 28. Rae1 Kd7 29. Bg3 Rc8 30. Rd6+ Kc7 31. Rxg6+ Kb7 32. Rg7+ Ka8
33. Rd1 Rc5 34. Rdd7 Ra5 35. a3 h6 36. Rb7 Bf6 37. Rh7 Rd8 38. Rbd7 Re8 39.
Rxh6 Bg5 40. Rhh7 Bc1 41. Bd6 Bxb2 42. Bb4 Ra4 43. f4 Bxa3 44. f5 Bxb4 45. cxb4
Rf8 46. f6 Rxb4 47. Rxa7+ Kb8 48. Rae7 Rc4 49. Rb7+ Kc8 50. Rxb6 Rf4 51. Ra6
Kb8 52. Rh6 Rf7 53. Re6 Rf8 54. Kh2 Rg4 55. Rh7 Rfg8 56. f7 Rxg2+ 57. Kh3 R8g3+
58. Kh4 Rf3 59. Re8+ Kc7 60. f8=Q+ 1-0

[Event "Michigan Open Booster"]
[Site "Lansing, MI"]
[Date "2002.08.31"]
[Round "3.1"]
[White "Gregg, Ted"]
[Black "Almasy, Roy"]
[Result "1/2-1/2"]
[WhiteElo "1230"]
[BlackElo "1333"]
[PlyCount "62"]
[EventDate "2002.08.30"]

1. f4 e6 2. e4 Bc5 3. d4 Bb6 4. Nf3 Nf6 5. Bd3 Nc6 6. c3 d6 7. e5 Nd5 8. O-O a6
9. Qe1 f6 10. Kh1 Qe7 11. Be4 dxe5 12. fxe5 fxe5 13. Nxe5 Nxe5 14. dxe5 Bd7 15.
Na3 O-O-O 16. Nc4 Bc5 17. Bd2 Rhf8 18. Qg3 Rxf1+ 19. Rxf1 Bb5 20. b3 Nb6 21.
Bg5 Qf8 22. Nxb6+ Bxb6 23. Rxf8 Rxf8 24. Bf4 h6 25. Bg6 Rd8 26. Bh5 g5 27. Bc1
Bd3 28. Qe1 Rf8 29. Be2 Be4 30. Bf3 Bd3 31. Be2 Be4 1/2-1/2

[Event "Michigan Open Reserve"]
[Site "Lansing, MI"]
[Date "2002.08.31"]
[Round "3.16"]
[White "Goetz, Robert"]
[Black "Crysler, Jerry"]
[Result "1-0"]
[WhiteElo "1614"]
[BlackElo "1467"]
[PlyCount "71"]
[EventDate "2002.08.30"]

1. e4 g6 2. d4 c5 3. Nf3 Bg7 4. d5 d6 5. g3 f6 6. Bg2 Nh6 7. c4 O-O 8. O-O Nf7
9. Qc2 Nd7 10. Be3 a6 11. Nc3 Nde5 12. Nxe5 Nxe5 13. Ne2 Bd7 14. f4 Ng4 15. Bd2
f5 16. h3 Nh6 17. e5 dxe5 18. fxe5 e6 19. Qc1 Rb8 20. Bxh6 Qc7 21. Bxg7 Kxg7
22. d6 Qd8 23. Qe3 Qa5 24. Qc3 Qd8 25. Nf4 b5 26. b3 bxc4 27. bxc4 Kf7 28. Rab1
Rb6 29. Rb3 Ba4 30. Rxb6 Qxb6 31. g4 g5 32. Nh5 f4 33. Be4 Bc6 34. Rb1 Qxb1+
35. Bxb1 h6 36. Qa5 1-0

[Event "Michigan Open Booster"]
[Site "Lansing, MI"]
[Date "2002.08.31"]
[Round "1.25"]
[White "Gladieux, Kate"]
[Black "Sanders, Travis"]
[Result "0-1"]
[WhiteElo "773"]
[BlackElo "1271"]
[PlyCount "62"]
[EventDate "2002.08.30"]

1. e4 d6 2. Nf3 Nf6 3. Nc3 Bg4 4. g3 Nbd7 5. Bg2 g6 6. O-O Bg7 7. d3 c6 8. b3
O-O 9. a4 d5 10. Qe1 dxe4 11. dxe4 e5 12. Bg5 Qc7 13. h3 Bxf3 14. Bxf3 Rfe8 15.
Qd2 Rad8 16. Qe3 b6 17. Bxf6 Nxf6 18. Ra2 Qd7 19. h4 Qd2 20. Re1 Bh6 21. Nd1
Bxe3 22. Rf1 Bh6 23. g4 Qf4 24. Kg2 Nxg4 25. Rh1 Rxd1 26. Rh3 Rd2 27. Rg3 Rxf2+
28. Kh1 Rxf3 29. Rxf3 Qxf3+ 30. Kg1 Qf2+ 31. Kh1 Qh2# 0-1

[Event "Michigan Open Booster"]
[Site "Lansing, MI"]
[Date "2002.08.31"]
[Round "3.11"]
[White "Gladieux, Kate"]
[Black "Homister, Justin"]
[Result "1-0"]
[WhiteElo "773"]
[BlackElo "552"]
[PlyCount "101"]
[EventDate "2002.08.30"]

1. e4 Nc6 2. Nf3 Nf6 3. Nc3 e6 4. d3 d5 5. e5 Bb4 6. Bd2 Bd7 7. exf6 gxf6 8. g3
O-O 9. Bg2 d4 10. Nb5 Na5 11. Nbxd4 Ba4 12. Bxb4 Nc6 13. Bxf8 Nxd4 14. Be7 Qxe7
15. Nxd4 Qb4+ 16. Ke2 Qxd4 17. Re1 Rd8 18. b3 Bb5 19. Be4 Rd6 20. c4 Qb6 21. b4
Ba6 22. c5 Qxb4 23. cxd6 Qxd6 24. Kf1 Bb5 25. Re3 Qd7 26. Bxb7 Ba4 27. Qd2 c5
28. Ba6 Qd6 29. Bc4 Qd4 30. Rb1 Qd8 31. Rb5 Bxb5 32. Bxb5 Qb8 33. a4 a6 34. Bc4
Qb1+ 35. Qe1 Qb2 36. Bxa6 Qa3 37. Qa5 f5 38. d4 cxd4 39. Rxa3 e5 40. Qxe5 d3
41. Rxd3 h5 42. Rd8+ Kh7 43. Qxf5+ Kh6 44. Rh8+ Kg7 45. Qxh5 f5 46. Rh6 Kg8 47.
Qxf5 Kg7 48. Qf6+ Kg8 49. Rg6+ Kh7 50. Qf7+ Kh8 51. Rg8# 1-0

[Event "Michigan Open"]
[Site "Lansing, MI"]
[Date "2002.08.31"]
[Round "3.6"]
[White "Garrison, Ray"]
[Black "Whitten, Jason"]
[Result "0-1"]
[WhiteElo "1882"]
[BlackElo "2169"]
[Annotator "Tim McGrew"]
[PlyCount "46"]
[EventDate "2002.08.30"]

{Nimzovich: Modern} 1. b3 {Larsen's opening has a bit of a cult following. It
would be difficult to prove that White can get any advantage after this move,
but that isn't necessarily the point: White wants to take his opponent out of
book and throw him on his own resources. Still, if you're intent on playing
this, perhaps 1.Nf3 and 2.b3 is a better way to go.} e5 2. Bb2 Nc6 3. e3 Nf6 4.
Bb5 d6 5. Bxc6+ bxc6 6. Ne2 Be7 7. f4 exf4 8. Nxf4 Bg4 9. Qc1 {Astonishingly,
we have been following a game from the third Polish correspondence
championship through this move.} O-O 10. O-O {This position is a bit of a
puzzle. Black's pawns are worse, but his pieces will be reasonably active
after ...d5 and ...Bd6 and White is not well placed to take advantage of
Black's structural weaknesses. The long dark diagonal alone will not do
anything for White -- it certainly does not create attacking prospects by
itself. All told, Black looks fine for the middlegame, though in an endgame
his queen-side pawns would cause him some suffering. That endgame never comes.}
Rb8 11. Qe1 Nh5 12. Nxh5 Bxh5 13. Qg3 {An understandable misevaluation. White
needs to take more central space with d3 and e4 and perhaps to bring his
knight over to the king-side at f3. The feint at g7 is too easily parried.} Bg6
{Setting up Fort Knox. Experienced players know how difficult it can be to
attack a castled king-side when a bishop is planted in the way like this.
White should give up hope of a direct mating attack and rearrange his pawns in
the center to coordinate better with his own bishop and restrict the scope of
Black's bishop at g6.} 14. Nc3 d5 15. Ne2 Bd6 {Now White begins to regret
having played Qg3.} 16. Nf4 c5 17. Qg4 Rb4 18. a3 Re4 19. d3 {The right move
played much too late. Now White cannot withstand the combined assault of
Black's active pieces.} Rxe3 20. Nxd5 Bxh2+ {Oops!} 21. Kf2 Rg3 22. Qc4 Qg5 23.
Nf4 Rg4 {Good enough to win, but there is a slightly more accurate finish:} (
23... Rxg2+ 24. Nxg2 Qg3+ 25. Ke2 Qxg2+ 26. Rf2 Bh5+ 27. Ke3 Qg3+) 0-1

[Event "Michigan Open Reserve"]
[Site "Lansing, MI"]
[Date "2002.08.31"]
[Round "1.21"]
[White "Gadson, Joseph"]
[Black "Swathell, Gary"]
[Result "1-0"]
[WhiteElo "1768"]
[BlackElo "1500"]
[PlyCount "85"]
[EventDate "2002.08.30"]

1. e4 d6 2. d4 Nf6 3. Nc3 g6 4. Bc4 Bg7 5. f3 O-O 6. Be3 b6 7. Qd2 Ba6 8. Bb3
c5 9. a3 cxd4 10. Bxd4 Nc6 11. Be3 Ne5 12. Bh6 Bc4 13. Bxg7 Kxg7 14. f4 Bxb3
15. fxe5 Nxe4 16. Nxe4 d5 17. cxb3 dxe4 18. Qxd8 Raxd8 19. Ne2 Rd5 20. e6 f6
21. Rc1 Rfd8 22. Nc3 Re5 23. O-O Rxe6 24. Nb5 a6 25. Nc7 Red6 26. Rfe1 f5 27.
Nxa6 Rd2 28. Nc7 R8d6 29. Nb5 Kf7 30. Nxd6+ exd6 31. Rc6 Ke6 32. Rxb6 Rxb2 33.
Rd1 Ke5 34. Rbxd6 Rxb3 35. a4 Kf4 36. a5 e3 37. Re1 Ra3 38. Re6 Rxa5 39. R6xe3
g5 40. Re7 h6 41. h3 Ra4 42. R1e6 Ra1+ 43. Kh2 {Remainder illegible, 52?} 1-0

[Event "Michigan Open Reserve"]
[Site "Lansing, MI"]
[Date "2002.08.31"]
[Round "3.1"]
[White "Gadson, Joseph"]
[Black "Moore, Robert"]
[Result "1-0"]
[WhiteElo "1768"]
[BlackElo "1609"]
[PlyCount "49"]
[EventDate "2002.08.30"]

1. e4 c5 2. Nf3 d6 3. d4 cxd4 4. Nxd4 Nf6 5. Nc3 a6 6. Bg5 e6 7. Bc4 Be7 8. f4
b5 9. Bb3 O-O 10. Qf3 Qc7 11. O-O-O e5 12. Bxf6 Bxf6 13. fxe5 dxe5 14. Nd5 Bg5+
15. Kb1 Qc5 16. Nf5 Nc6 17. h4 Bxf5 18. exf5 Bh6 19. f6 Rfe8 20. fxg7 Nd4 21.
Nf6+ Kxg7 22. Nxe8+ Rxe8 23. Qxf7+ Kh8 24. Qxe8+ Bf8 25. Rxd4 1-0

[Event "Michigan Open Reserve"]
[Site "Lansing, MI"]
[Date "2002.08.31"]
[Round "2.26"]
[White "Ford, Adam"]
[Black "Bolda, Dan G"]
[Result "1/2-1/2"]
[WhiteElo "1232"]
[BlackElo "1600"]
[PlyCount "79"]
[EventDate "2002.08.30"]

1. e4 c6 2. d4 d5 3. Nc3 dxe4 4. Nxe4 Bf5 5. Ng3 Bg6 6. Nf3 e6 7. Bc4 Bd6 8.
O-O Ne7 9. Re1 Nd7 10. Bd2 Qc7 11. Bc3 O-O-O 12. Ng5 Nd5 13. Bxd5 cxd5 14. Qf3
Rdf8 15. Rac1 Bf4 16. Bb4 Bxg5 17. Bxf8 Bxc1 18. Bxg7 Rg8 19. Rxc1 Rxg7 20. Qb3
Nb6 21. Qa3 Rg8 22. Qxa7 Kd7 23. Qa5 Ra8 24. Qb5+ Qc6 25. Qb3 h5 26. h4 Nc4 27.
Rd1 Ra6 28. Qf3 Nxb2 29. Rf1 Nc4 30. Rd1 Rxa2 31. Nxh5 Ra3 32. Nf6+ Ke7 33. Qf4
Qd6 34. Qg5 Kd8 35. Nxd5+ Kc8 36. Ne7+ Kc7 37. Nxg6 fxg6 38. Qxg6 Nb2 39. Qg7+
Kc6 40. d5+ {Remainder illegible, 43?} 1/2-1/2

[Event "Michigan Open"]
[Site "Lansing, MI"]
[Date "2002.08.31"]
[Round "2.24"]
[White "Fischvogt, Eric"]
[Black "Bolda, Dan H"]
[Result "1-0"]
[WhiteElo "2258"]
[BlackElo "1795"]
[Annotator "Jeff Aldrich"]
[PlyCount "63"]
[EventDate "2002.08.30"]

{Queen's Pawn: Closed (Colle)} 1. d4 d5 2. Nf3 e6 3. Nbd2 c5 4. e3 Nc6 5. c3
Nf6 6. Bd3 {The Colle -- solid.} Bd6 7. O-O e5 8. dxc5 Bxc5 9. e4 Bg4 10. b4
dxe4 $6 {Giving White exactly what he wants.} 11. Nxe4 Bb6 12. Bg5 {Now, the
Bl ack king-side pawns get busted up. Doesn't seem to be a big deal since
Black hasn't castled yet, but the Black king will not be safe in the center.}
h6 13. Bxf6 gxf6 14. b5 Na5 ({Not pretty, but alternatives are not any better:
} 14... Nb8) ({or} 14... Ne7 $2 15. Nxf6+) 15. h3 Bh5 16. Ng3 Bg6 17. Nf5 Bxf5
18. Bxf5 Qxd1 19. Raxd1 O-O 20. Be4 Rad8 21. Bd5 Rfe8 22. Nh4 Kg7 23. Nf5+ Kg6
24. Nd6 Re7 ({Not} 24... Rxd6 $2 25. Be4+ f5 26. Rxd6+) 25. Be4+ Kg5 ({Forced
to step up into the danger zone.} 25... Kg7 $2 26. Nf5+) 26. h4+ Kf4 27. g3+
Kg4 28. Kg2 Rxd6 29. f3+ Kh5 30. Kh3 $1 {No need to take back. White has his
sights set on the king.} f5 31. Bxf5 Rg6 32. g4+ {Mate follows.} 1-0